00454nam a22001097a 4500003000400000005001700004008004100021040000800062100004900070245019800119260002700317OSt20250912135731.0250912b |||||||| |||| 00| 0 eng d cKMU aMambwe, JosephineeFisheries and Aquaculture aAssessing the effects of marketing, availability and utilization of commercial fish feed on the development of aquaculture in Zambia:bA case study of the Copperbelt Province/cJosephine Mambwe aChinsali:bKMU,c2016.